000 00344cam a2200157ua 4500
041 _aeng
_h
082 _a628
_b
100 _aP.K, .
245 0 0 _aAdvance in Industrial waste watertratment
260 _aJaipur :
_bABD Publisher ,
_c2003.
300 _a ; .
504 _a
700 1 _aGoel, .
942 _cBK
999 _c12915
_d12915